BIBLIOTHÈQUE DE LA MAISON DU MEXIQUE

Logo 1 Logo 2

De don Juan Manuel a Pachita la alfajorera (notice nᵒ 8139)

détails MARC
000 -Sello discográfico
campo de control de longitud fija 00983nam a2200301 4500
005 - Identificación de versión
campo de control 20251016084850.0
010 ## - Número Estándar Internacional de Libros (ISBN)
Número (ISBN) 9789681908041
099 ## - fechas locales
Tipo de ítem Koha LIBRO
100 ## - Datos de procesamiento general
Datos de procesamiento general 20250320d1990 m y1spay5003 ba
105 ## - Campo de datos codificados: Material textual, monográfico
Datos codificados de monografía y 001zy
200 1# - Título y mención de responsabilidad
Título propio De don Juan Manuel a Pachita la alfajorera
Designación general del material texto impreso
Otra información del título legendaria publicada en la ciudad de México
Primer mención de responsabilidad Isabel Quiñónez
205 ## - Declaración de edición
Declaración de edición 1a ed
210 ## - Publicación, distribución, etc.
Lugar de publicación, distribución, etc. México
Nombre del editor, distribuidor, etc. Instituto Nacional de Antropología e Historia
Fecha de publicación, distribución, etc. 1990
215 ## - Descripción física
Designación de material específico y extensión del ítem 442 p
Dimensiones 20 cm
345 ## - Nota de información de adquisición
Fuente de adquisición/dirección de la suscripción [OBSOLETO] Donación
410 #1 - Series
Título Colección Divulgación
606 ## - Término temático usado como materia
Elemento de entrada Leyendas
Subdivisión geográfica México
Subdivisión temática Historia y crítica
Número Koha 13969
606 ## - Término temático usado como materia
Elemento de entrada Tradición oral
Subdivisión geográfica México
Número Koha 999
660 ## - Código de área geográfica
Código MX
700 ## - Nombre personal - Responsabilidad primaria
Elemento de entrada Quiñonez
Parte del nombre distinta del elemento de entrada Isabel
Fechas 1949-2007
Número Koha 13970
801 ## - Fuente de origen
País FR
Agencia cm
Reglas de catalogación (convenciones descriptivas) AFNOR
900 ## -
-- 1/23698
900 ## -
-- 7100417642\080104
942 ## - ELEMENTOS DE ENTRADA SECUNDARIOS (KOHA)
Tipo de ítem Koha Livre
996 ## -
-- MEX
-- 751145101
-- MMAG
-- 012766
-- 398.2 Q7D
-- 20250320LIV
Exemplaires
Estatus retirado Estado de daño Estado de pérdida Fecha de adquisición Biblioteca de origen Biblioteca actual Ubicación en estantería Código de barras Precio de reemplazo Signatura topográfica completa No para préstamo Tipo de ítem Koha Nota pública Nota no pública
      05/08/2025 Casa México Paris Casa México Paris   012766 05/08/2025 398.2 Q7D   Livre 20250320LIV 751145101